<?xml version="1.0" encoding="UTF-8"?>
<record
    xmlns:xsi="http://www.w3.org/2001/XMLSchema-instance"
    xsi:schemaLocation="http://www.loc.gov/MARC21/slim http://www.loc.gov/standards/marcxml/schema/MARC21slim.xsd"
    xmlns="http://www.loc.gov/MARC21/slim">

  <leader>00670nam a2200133Ia 4500</leader>
  <controlfield tag="008">100328s9999    xx            000 0 und d</controlfield>
  <datafield tag="082" ind1=" " ind2=" ">
    <subfield code="b">67856</subfield>
  </datafield>
  <datafield tag="100" ind1=" " ind2=" ">
    <subfield code="a">&#x915;&#x926;&#x92E; &#x92E;&#x93E;&#x927;&#x935;.</subfield>
  </datafield>
  <datafield tag="245" ind1=" " ind2=" ">
    <subfield code="a">&#x938;&#x93F;&#x902;&#x93E;&#x941;&#x926;&#x942;&#x930;&#x94D;&#x917; &#x926;&#x930;&#x94D;&#x936;&#x928; (&#x938;&#x93F;&#x902;&#x926;&#x941;&#x926;&#x942;&#x930;&#x94D;&#x917; &#x92A;&#x930;&#x94D;&#x92F;&#x91F;&#x928; &#x92E;&#x93E;&#x930;&#x94D;&#x917;&#x926;&#x930;&#x94D;&#x936;&#x915;).</subfield>
  </datafield>
  <datafield tag="260" ind1=" " ind2=" ">
    <subfield code="b">&#x938;&#x94B;&#x928;&#x93E;&#x932;&#x940;.</subfield>
  </datafield>
  <datafield tag="630" ind1=" " ind2=" ">
    <subfield code="a">&#x938;&#x93F;&#x902;&#x93E;&#x941;&#x926;&#x942;&#x930;&#x94D;&#x917; &#x926;&#x930;&#x94D;&#x936;&#x928; (&#x938;&#x93F;&#x902;&#x926;&#x941;&#x926;&#x942;&#x930;&#x94D;&#x917; &#x92A;&#x930;&#x94D;&#x92F;&#x91F;&#x928; &#x92E;&#x93E;&#x930;&#x94D;&#x917;&#x926;&#x930;&#x94D;&#x936;&#x915;).</subfield>
  </datafield>
  <datafield tag="730" ind1=" " ind2=" ">
    <subfield code="a">&#x938;&#x93F;&#x902;&#x93E;&#x941;&#x926;&#x942;&#x930;&#x94D;&#x917; &#x926;&#x930;&#x94D;&#x936;&#x928; (&#x938;&#x93F;&#x902;&#x926;&#x941;&#x926;&#x942;&#x930;&#x94D;&#x917; &#x92A;&#x930;&#x94D;&#x92F;&#x91F;&#x928; &#x92E;&#x93E;&#x930;&#x94D;&#x917;&#x926;&#x930;&#x94D;&#x936;&#x915;).</subfield>
  </datafield>
  <datafield tag="942" ind1=" " ind2=" ">
    <subfield code="c">BOOK</subfield>
  </datafield>
  <datafield tag="999" ind1=" " ind2=" ">
    <subfield code="c">553595</subfield>
    <subfield code="d">553592</subfield>
  </datafield>
  <datafield tag="952" ind1=" " ind2=" ">
    <subfield code="0">0</subfield>
    <subfield code="1">0</subfield>
    <subfield code="4">0</subfield>
    <subfield code="7">0</subfield>
    <subfield code="a">RNV</subfield>
    <subfield code="b">RNV</subfield>
    <subfield code="d">2010-03-28</subfield>
    <subfield code="l">0</subfield>
    <subfield code="p">RNV-67856</subfield>
    <subfield code="r">2010-03-28 00:00:00</subfield>
    <subfield code="w">2010-03-28</subfield>
    <subfield code="y">BOOK</subfield>
  </datafield>
</record>
